000 00623nam a2200241Ia 4500
003 OSt
005 20220918173816.0
006 a|||||r|||| 00| 0
007 ta
008 220917b |||||||| |||| 00| 0 eng d
024 _a8,390
037 _cTextual
040 _aARTS
_cARTS
_beng
041 _2eng
_aeng
082 _aG:550t52, L8
100 _aMills Edwin S.
_947531
245 0 _aEconomics of environmental quality
260 _aNew York
_bW W Norton
_c1978
300 _a304p
_ccm.
650 _aBIOLOGY
_97
942 _hG:550t52, L8
_cTEXL
_2CC
999 _c150161
_d150161